[Event "GER-ch Youth U18 2020"]
[Site "Willingen"]
[Date "2020.10.24"]
[Round "7.7"]
[White "Mätzkow, Maximilian Paul"]
[Black "Richter, Philipp"]
[Result "1/2-1/2"]
[WhiteElo "2242"]
[BlackElo "2254"]
[Annotator "TA"]
[PlyCount "50"]
[EventDate "2020.10.20"]
[EventType "swiss"]
[EventRounds "7"]
[EventCountry "GER"]
[SourceTitle "playchess.com"]
[Source "ChessBase"]
[SourceQuality "1"]

{[%evp 18,50,29,28,35,29,30,10,8,0,0,0,33,-5,44,54,60,59,45,51,39,19,45,48,41,43,37,0,0,-2,0,0,0,0,0]} 1. d4 Nf6 2. Nf3 c5 3. d5 e6 4. c4 exd5 5. cxd5 d6 6. Nc3 g6 7. e4 a6 8. a4 Bg4 9. h3 Bxf3 10. Qxf3 Bg7 {A70: Modern Benoni: 6 e4 g6 7 Nf3.} 11. Bd3 Nbd7 12. Bf4 Qe7 13. O-O Ne5 14. Qe2 O-O 15. Bh2 {[#]} g5 $146 ({Predecessor:} 15... Rfe8 16. Bc2 Kh8 17. f4 Ned7 18. Rae1 Rab8 19. e5 Ng8 20. e6 Bxc3 21. bxc3 fxe6 22. dxe6 Qg7 23. Qd3 Ndf6 24. Qxd6 Qe7 25. f5 Qxd6 26. Bxd6 Rbc8 27. g4 Kg7 28. g5 {1-0 (28) Palma Neira,E (1956)-Mordetzki,A (1542) Montevideo 2018}) 16. Bc2 Ng6 17. Rae1 Nd7 18. Nd1 Bd4 19. g3 Rae8 {Black wants to play ...f5!} 20. Ne3 Bxe3 21. Qxe3 b5 22. a5 f6 {The position is equal.} 23. f4 Qg7 24. Kh1 ({But not} 24. fxg5 fxg5 25. b3 Nde5 $17) 24... Qh6 25. Kg2 Re7 {Av CentiPawn Loss W=-7/B=-5. Weighted=-8/-3} 1/2-1/2

[Event "GER-ch Youth U18 2020"]
[Site "Willingen"]
[Date "2020.10.24"]
[Round "7.8"]
[White "Junker, Magnus"]
[Black "Pahl, Theis"]
[Result "0-1"]
[WhiteElo "2093"]
[BlackElo "2056"]
[Annotator "TA"]
[PlyCount "92"]
[EventDate "2020.10.20"]
[EventType "swiss"]
[EventRounds "7"]
[EventCountry "GER"]
[SourceTitle "playchess.com"]
[Source "ChessBase"]
[SourceQuality "1"]

{[%evp 14,91,62,0,0,-15,-2,-4,-15,-3,0,-39,-27,-40,-15,-42,-17,-15,-16,-28,-28,-22,-6,-35,-31,-94,-68,-136,-122,-213,-211,-207,-210,-426,-406,-400,-217,-219,-235,-229,-203,-180,-202,-261,-281,-277,-245,-891,-169,-224,-214,-182,-110,-202,-210,-410,-364,-359,-349,-470,-465,-434,-362,-776,-608,-960,-816,-734,-487,-1175,-307,-1100,-977,-12835,-12835,-29990,-29991,-29997,-29998,-29999]} 1. e4 c5 2. Nf3 Nf6 3. e5 Nd5 4. Nc3 e6 5. Nxd5 exd5 6. d4 Nc6 7. dxc5 Bxc5 8. Be2 (8. Qxd5 $14 d6 9. exd6 Bxd6 10. Qe4+ Qe7 11. Qxe7+ Bxe7 12. Be3) 8... d6 $11 {B29: Sicilian: 2 Nf3 Nf6 (Nimzowitsch Variation).} 9. exd6 Qxd6 10. O-O O-O {The position is equal.} 11. a3 a5 12. b3 Re8 13. Bb2 Bg4 14. Re1 {[#]} Bb6 $146 ({Predecessor:} 14... Rad8 15. Qd2 h6 16. Nh4 Rxe2 17. Rxe2 Bxe2 18. Qxe2 d4 19. Re1 d3 20. Qg4 Nd4 21. cxd3 Bxa3 {0-1 (50) Flasen,A (2036)-Thorfinnsson,B (2438) Kragero 2019}) 15. Qd2 Qc5 16. Bd3 Bxf3 17. gxf3 Nd4 18. Kg2 Ne6 {[%cal Bd4e6,Be6f4,Bf4e2,Be2c3][%mdl 32]} 19. Rg1 (19. Be5 $15) 19... d4 $17 {...Qh5 is the strong threat.} 20. Kh1 (20. Rae1 $15) 20... Qh5 21. Be4 (21. Rg2 $17 {was necessary.}) 21... Bc7 $19 {[%csl Gc7][%cal Rh5h2]} 22. Rg2 Nf4 $1 {[%cal Rf4g2]} 23. Rg3 $2 (23. Qxd4 $2 Be5 $19) (23. Rag1 {was the only chance.} Nxg2 24. Rxg2) 23... Re6 $1 {[%cal Re6h6] aiming for ...Rh6.} 24. Qd1 {[#] If only White now had time for Qg1....} Rh6 (24... Ne2 $142 $1 {[%mdl 512]} 25. Kg2 (25. Qxe2 $2 Rh6 $19) 25... Rh6) 25. Qg1 Ne2 $1 {[%cal Re2g1]} 26. Qg2 Bxg3 $40 {[%mdl 128] Black wants a kill.} ({But not} 26... Nxg3+ 27. fxg3 Rd8 28. a4 $17) 27. fxg3 Nc3 $1 28. Bxb7 Re8 {White must now prevent ...Re2.} 29. Bxc3 dxc3 30. Rd1 $2 {[#]} (30. Be4) 30... Rhe6 $2 (30... Rd6 $1 {[%mdl 512]} 31. Qg1 (31. Rxd6 Re1+) 31... Rd2) 31. Qf1 (31. Qf2 $142) 31... Qc5 32. Be4 {[#]} Re5 ({Don't do} 32... Qxa3 33. Qd3 $17) (32... Rd6 $1 $19 33. Rxd6 Qxd6) 33. g4 (33. a4 $17 {was called for.}) 33... h5 34. Qh3 $2 (34. Qg1) 34... g6 35. Rg1 Kg7 36. b4 axb4 37. axb4 Qe3 38. Bd3 $2 (38. Qg2 Qd2 39. h3) 38... Rh8 39. Qg2 hxg4 40. fxg4 Qd2 41. b5 (41. Rf1 $142 Re1 42. Rxe1 Qxe1+ 43. Qg1 Qxg1+ 44. Kxg1) 41... Re3 $2 (41... Rd8 42. Qf1 Rd6) 42. Bf1 $2 (42. Rf1) 42... Re6 43. h3 Re3 44. Qh2 Qd5+ {Black mates.} 45. Bg2 Rexh3 {[%csl Gh8][%cal Rh3h2]} 46. Bxd5 Rxh2# {Av CentiPawn Loss W=-152/B=-73. Weighted=-184/-94} 0-1

[Event "GER-ch Youth U18 2020"]
[Site "Willingen"]
[Date "2020.10.24"]
[Round "7.9"]
[White "Lesny, Florian"]
[Black "Lange, Jannis"]
[Result "1/2-1/2"]
[WhiteElo "2178"]
[BlackElo "2126"]
[Annotator "TA"]
[PlyCount "81"]
[EventDate "2020.10.20"]
[EventType "swiss"]
[EventRounds "7"]
[EventCountry "GER"]
[SourceTitle "playchess.com"]
[Source "ChessBase"]
[SourceQuality "1"]

{[%evp 31,81,54,35,45,29,47,47,40,36,37,46,38,38,35,31,0,0,0,0,0,0,0,8,10,8,0,0,-13,21,0,22,32,53,0,0,-8,6,0,0,0,0,0,6,0,0,0,0,0,0,0,0,-4]} 1. e4 c5 2. Nf3 Nc6 3. d4 cxd4 4. Nxd4 Nf6 5. Nc3 e5 6. Ndb5 d6 7. Bg5 a6 8. Na3 b5 9. Nd5 Be7 10. Bxf6 Bxf6 11. c3 O-O 12. Nc2 Bg5 13. a4 bxa4 14. Rxa4 a5 15. Bc4 Rb8 {15...Bd7 is not played anymore.} 16. b3 Kh8 17. Nce3 {B33: Sicilian: Pelikan and Sveshnikov Variations.} g6 18. h4 Bxh4 19. g3 {White is slightly better.} Bg5 20. f4 exf4 21. gxf4 Bh4+ 22. Kd2 {was the old line (22.Kf1).} Ne7 23. Qg1 {[#] Black must now prevent Qh2.} Nxd5 $1 24. Nxd5 Be6 25. Qh2 g5 26. Kc2 $36 {[%mdl 2048] fxg5 is the strong threat. White is more active.} Bxd5 (26... f6 {with more complications.} 27. Qg1 Rf7 28. Ra1 Rg7 29. f5 Bxd5 30. Bxd5 Qc7) 27. Bxd5 {[#] aiming for fxg5.} f6 28. Rha1 Rb5 {[#]} 29. c4 $146 ({Predecessor:} 29. Rd4 Rc5 30. Kb2 Qe7 31. Rh1 Rfc8 32. Rd3 a4 33. fxg5 fxg5 34. b4 a3+ 35. Kb3 R5c7 {½-½ (35) Joao,N (2564)-Winckelmann,T (2584) ICCF email 2010}) 29... Rc5 30. Qh3 Qc8 31. Qxc8 Rcxc8 32. fxg5 (32. Rxa5 $14 Bf2 33. Be6) 32... fxg5 $11 {The position is equal.} 33. Rxa5 Bg3 34. Be6 Rf2+ 35. Kd3 Rcf8 {( -> ...R8f3+)} 36. Bf5 Be5 37. Ra8 Bxa1 38. Rxf8+ Kg7 39. Ra8 Be5 40. Ra7+ Kf6 41. Rxh7 {Av CentiPawn Loss W=-5/B=-2. Weighted=-5/-2} 1/2-1/2

[Event "GER-ch Youth U18 2020"]
[Site "Willingen"]
[Date "2020.10.24"]
[Round "7.10"]
[White "Burian, Simon"]
[Black "Knüdel, Torben"]
[Result "1/2-1/2"]
[WhiteElo "2113"]
[BlackElo "2211"]
[Annotator "TA"]
[PlyCount "108"]
[EventDate "2020.10.20"]
[EventType "swiss"]
[EventRounds "7"]
[EventCountry "GER"]
[SourceTitle "playchess.com"]
[Source "ChessBase"]
[SourceQuality "1"]

{[%evp 15,108,-1,0,-8,8,3,3,0,13,0,16,-2,3,-18,0,-12,0,-11,-12,-20,-6,-37,-36,-75,-75,-78,-65,-89,-41,-50,-45,-39,-45,-36,-16,-12,-9,-16,-15,-8,-10,-18,-8,-18,0,0,0,-20,-21,-22,-22,-23,-20,-21,-20,-26,-26,-38,0,0,0,0,0,0,6,-8,-8,-25,0,-17,-17,-63,-64,-65,0,0,0,0,0,0,0,0,0,0,0,0,8,8,570,491,1622,8,8,8,8]} 1. e4 e5 2. Nf3 Nc6 3. Bb5 a6 4. Ba4 Nf6 5. O-O Be7 6. d3 d6 7. Nc3 b5 8. Bb3 Na5 $1 {8...Na5 is better than 8...0-0.} 9. Bg5 {C84: Closed Ruy Lopez: Unusual White 6th moves.} Nxb3 10. axb3 c6 {[#]} 11. d4 $146 ({Predecessor:} 11. Qd2 O-O 12. Qe3 c5 13. Bxf6 Bxf6 14. Rfe1 Be6 15. Nd5 Bd7 16. c3 a5 17. c4 {0-1 (51) Heck,K (929)-Metzen,D (1045) Oppenheim 2015}) 11... Qc7 12. Qd3 O-O 13. Bh4 Bb7 14. Bg3 {[%cal Rd4e5]} Nd7 15. h3 Rad8 16. Qe3 Rfe8 17. Rad1 Bf8 18. dxe5 dxe5 19. Rd2 f6 20. Rfd1 Nc5 21. Qe2 Ne6 22. Nd4 {Threatens to win with Nxe6.} Nxd4 {[#]} 23. Rxd4 $1 {[%mdl 512]} Rxd4 24. Rxd4 Rd8 (24... a5 {is more complex.} 25. Rd1 Bc5 26. Kh2 Ba6 27. Qd2 Bc8) 25. Rxd8 Qxd8 26. f3 Bc8 27. Bf2 Be6 28. Be3 a5 29. Kf2 Bb4 30. Na2 Be7 31. Nc3 Qd7 32. Qd2 Qxd2+ 33. Bxd2 $11 {[%mdl 4096] Endgame KBB-KBN} Bc5+ 34. Be3 Bd4 35. Nd1 Kf7 36. h4 g5 37. hxg5 fxg5 38. g4 Kf6 39. Ke2 Bf7 40. Kd3 c5 41. Ke2 h6 42. Bd2 b4 43. Be1 c4 44. c3 Bc5 ({Black should play} 44... bxc3 $1 $15 45. bxc3 Ba7) 45. cxb4 axb4 46. Ne3 cxb3 47. Nd5+ Bxd5 48. exd5 {Hoping for Kd3. KB-KB} Bd4 49. Kd3 Bxb2 {aiming for ...Ba3.} 50. Kc4 {[%mdl 64] [#] Double Attack} Bc1 {...b2 is the strong threat.} 51. Kxb3 Bf4 $2 {[%mdl 8192]} (51... e4 $1 $11 {and Black has nothing to worry.} 52. fxe4 Ke5) 52. Bxb4 $18 e4 (52... Kf7 $142 53. Kc4 Ke8) 53. fxe4 $2 (53. Bc3+ $18 Ke7 54. fxe4) 53... Ke5 $11 54. Bf8 Kxe4 {Av CentiPawn Loss W=-30/B=-41. Weighted=-56/-37} 1/2-1/2

[Event "GER-ch Youth U18 2020"]
[Site "Willingen"]
[Date "2020.10.24"]
[Round "7.11"]
[White "Wensing, Maximilian"]
[Black "Tschernatsch, Johannes"]
[Result "0-1"]
[WhiteElo "2039"]
[BlackElo "2251"]
[Annotator "TA"]
[PlyCount "59"]
[EventDate "2020.10.20"]
[EventType "swiss"]
[EventRounds "7"]
[EventCountry "GER"]
[SourceTitle "playchess.com"]
[Source "ChessBase"]
[SourceQuality "1"]

{[%evp 21,59,20,20,23,17,-25,-22,-38,-18,-39,-40,-41,-41,-96,-89,-108,-100,-106,-63,-89,-97,-116,-57,-110,-105,-148,-43,-1321,-1304,-5485,-5481,-5306,-3705,-29988,-29989,-29989,-29990,-29990,-29980,-29977]} 1. c4 Nf6 2. g3 g6 3. Bg2 Bg7 4. Nf3 O-O 5. O-O c6 6. d4 d5 7. cxd5 cxd5 8. Nc3 Ne4 9. Ne5 Bf5 10. Bf4 Nc6 11. Nxc6 bxc6 12. Nxe4 {D79: Fianchetto Grünfeld: Symmetrical Variation (6 0-0 c6 7 cxd5 cxd5).} Bxe4 13. f3 Bf5 {[#]} 14. g4 $146 {The position is equal.} ({Predecessor:} 14. Qd2 Qb6 15. Rfd1 c5 16. Be3 c4 17. Bf4 a5 18. Kh1 a4 19. a3 Ra5 20. Qb4 {0-1 (27) Farkas,G (2366)-Stany,G (2494) Arad 2018}) 14... Be6 15. Qd2 Qb6 16. e3 c5 17. Be5 ({White should try} 17. dxc5 $15 Qxc5 18. Rac1) 17... Bxe5 $17 18. dxe5 Rfd8 19. h3 Rab8 20. Rf2 d4 21. exd4 Rxd4 (21... cxd4 $17 {aiming for ...Rbc8.} 22. Bf1 {[#]} d3 $1 {[%mdl 512]}) 22. Qg5 (22. Qe3 $1 $15) 22... c4 {[%cal Bc5c4,Bc4c3][%mdl 32]} 23. Raf1 Qc5 (23... Rd3 $17 24. Qxe7 Qe3) 24. f4 $2 {[%mdl 8192] [#] This move loses the game for White.} (24. Qe3 $15) 24... Rxb2 $1 $19 {[%mdl 512]} 25. Kh2 (25. Rxb2 Rd2+) 25... Rxf2 26. Rxf2 c3 27. f5 Qxe5+ {Black mates.} 28. Kg1 Rd1+ 29. Bf1 Bc4 30. Qf4 {Av CentiPawn Loss W=-183/B=-70. Weighted=-328/-35} 0-1

[Event "GER-ch Youth U18 2020"]
[Site "Willingen"]
[Date "2020.10.24"]
[Round "7.12"]
[White "Besancon, Pascal"]
[Black "Papadopoulos, Ioannis"]
[Result "0-1"]
[WhiteElo "1915"]
[BlackElo "2186"]
[Annotator "RC"]
[PlyCount "42"]
[EventDate "2020.10.20"]
[EventType "swiss"]
[EventRounds "7"]
[EventCountry "GER"]
[SourceTitle "playchess.com"]
[Source "ChessBase"]
[SourceQuality "1"]
[TimeControl "40/5400+30:1800+30"]

1. e4 {[%emt 0:00:00]} Nf6 {[%emt 0:00:00]} 2. Nc3 {[%emt 0:04:33]} e5 {[%emt 0:00:42]} 3. Nge2 {[%emt 0:00:08]} Nc6 {[%emt 0:00:33]} 4. g3 {[%emt 0:00:37]} d5 {[%emt 0:02:21]} 5. exd5 {[%emt 0:02:09]} Nxd5 {[%emt 0:01:36]} 6. Bg2 {[%emt 0:00:02]} Be6 {[%emt 0:00:10]} 7. d4 {[%emt 0:10:25]} Nxc3 {[%emt 0:05:41]} 8. bxc3 {[%emt 0:00:03]} Bd5 {[%emt 0:00:16]} 9. f3 {[%emt 0:08:24]} Bd6 {[%emt 0:01:13]} 10. Qd3 {[%emt 0:02:17]} f6 {[%emt 0:01:59]} 11. O-O {[%emt 0:03:00]} O-O {[%emt 0:00:51]} 12. c4 {[%emt 0:04:04]} Bf7 {[%emt 0:01:48]} 13. c3 {[%emt 0:01:19]} exd4 {[%emt 0:03:20]} 14. cxd4 {[%emt 0:02:20]} Ne5 {[%emt 0:00:35]} 15. Qe4 {[%emt 0:02:37]} Nxc4 {[%emt 0:01:04]} 16. Qxb7 {[%emt 0:01:13]} Re8 {[%emt 0:02:34]} 17. Nc3 {[%emt 0:11:39]} Rb8 {[%emt 0:01:37]} 18. Qxa7 {[%emt 0:03:24]} Bb4 {[%emt 0:00:58]} 19. Ne4 {[%emt 0:03:59]} Ra8 {[%emt 0:01:09]} 20. Qb7 {[%emt 0:00:03]} Qxd4+ {[%emt 0:00:26]} 21. Kh1 {[%emt 0:00:03]} Rab8 {[%emt 0:01:07]} 0-1

[Event "GER-ch Youth U18 2020"]
[Site "Willingen"]
[Date "2020.10.24"]
[Round "7.13"]
[White "Matthes, Aaron"]
[Black "Vogt, Dustin"]
[Result "1-0"]
[WhiteElo "2198"]
[BlackElo "1829"]
[Annotator "TA"]
[PlyCount "87"]
[EventDate "2020.10.20"]
[EventType "swiss"]
[EventRounds "7"]
[EventCountry "GER"]
[SourceTitle "playchess.com"]
[Source "ChessBase"]
[SourceQuality "1"]

{[%evp 21,87,18,23,11,25,13,23,20,25,7,49,78,67,56,57,58,51,55,66,74,110,30,132,47,142,133,129,114,114,114,114,114,105,105,116,109,100,84,268,0,0,0,0,0,508,495,501,497,494,487,458,424,418,370,650,654,761,722,808,782,5485,4256,29978,29979,29970,29974,29980,29981]} 1. d4 g6 2. e4 Bg7 3. c4 d6 4. Nc3 Nf6 5. Nf3 O-O 6. Be2 e5 7. dxe5 dxe5 8. Bg5 Nbd7 9. O-O c6 10. h3 h6 11. Be3 Qe7 12. Qc2 {E94: King's Indian: Classical: 6 Be2 e5 7 0-0: Various Black 7th moves.} Nh5 13. Rfd1 Nf4 14. Bf1 {White has an edge.} Nc5 {[#]} 15. b4 $146 ({Predecessor:} 15. Rd2 Nce6 16. Rad1 Qf6 17. h4 g5 18. hxg5 hxg5 19. g3 Qg6 20. Ne2 Qh5 21. Ne1 {1-0 (43) Hatsek,W (1887)-Caillet,S (1996) LSS email 2014}) 15... Na6 16. a3 f5 17. c5 $36 {[%mdl 2048] White is pushing.} fxe4 18. Nd2 Nc7 19. Ndxe4 Kh7 20. Nd6 Ncd5 21. Bd2 ({White should play} 21. Nxd5 $16 Nxd5 22. Re1) 21... Qh4 {[#]} (21... Qg5 $11 22. Kh2 Bf5) 22. Nce4 (22. Bxf4 $1 $16 exf4 23. Nxd5 cxd5 24. Rac1) 22... Nxh3+ ({Better is} 22... Bf5 $14) 23. gxh3 $16 Bxh3 {...Qg4+ is the strong threat.} 24. Qd3 Bxf1 25. Rxf1 {Hoping for Qg3.} Nf4 26. Bxf4 $1 exf4 27. f3 {[#] Black must now prevent Ra2.} Bxa1 28. Rxa1 Rad8 29. Ra2 Rf5 $2 (29... Qe7 $16) 30. Nxf5 $2 (30. Qc3 $18 {Threatens to win with Rh2.} Rff8 31. Rg2) 30... gxf5 $11 31. Nd6 Rg8+ 32. Rg2 Rxg2+ $4 {[%mdl 8192]} (32... Qe1+ $1 $11 33. Qf1 Rxg2+ 34. Kxg2 Qg3+ 35. Kh1 Qh4+ 36. Kg2 (36. Kg1 Qg3+ 37. Qg2 Qe1+ 38. Qf1 Qg3+ 39. Qg2 Qe1+ 40. Qf1 Qg3+ $11) 36... Qg3+ 37. Kh1 Qh4+ 38. Kg2 (38. Kg1 Qg3+ 39. Qg2 Qe1+ 40. Qf1 Qg3+ 41. Qg2 Qe1+ 42. Qf1 Qg3+ $11) 38... Qg3+) 33. Kxg2 $18 Qg3+ 34. Kf1 Qh3+ 35. Ke1 Qg3+ 36. Kd1 Qg1+ 37. Kc2 Qg2+ $2 (37... Qf2+ 38. Kc3 Qe1+ 39. Qd2 Qe5+ 40. Kc2 b6 41. cxb6 axb6) 38. Kb3 Qg8+ 39. Ka4 Qe6 40. Nxb7 Qe7 41. Nd6 Qd7 42. Qxf5+ {White mates.} Qxf5 43. Nxf5 h5 44. b5 {Av CentiPawn Loss W=-50/B=-106. Weighted=-91/-126} 1-0